| 000 | 00465nam a2200181Ia 4500 | ||
|---|---|---|---|
| 003 | GCL | ||
| 008 | 140319s9999 xx 000 0 eng d | ||
| 040 |
_aGCL / _cGCL |
||
| 082 | 0 | 4 |
_aC C _b932 _bA E |
| 100 | 1 | _aALLAM, SCHAFIK | |
| 245 | 1 | 0 |
_aEVERYDAY LIFE IN ANCIENT EGYPT / _cALLAM, SCHAFIK |
| 260 |
_a[S.N] : _bFOREIGN CULTURAL INFORMATION ، _c1990 |
||
| 300 | _a132P | ||
| 650 | 0 | 4 | _aEGYPT |
| 650 | 0 | 4 | _aANCIENT EGYPT |
| 650 | 0 | 4 | _aHISTORY |
| 942 |
_2ddc _cBK |
||
| 999 |
_c11707 _d11707 |
||